Praktická príručka pre bezpečnostných technikov

Guardado en:
Detalles Bibliográficos
Formato: Seriadas
Etiquetas: Agregar Etiqueta
Sin Etiquetas, Sea el primero en etiquetar este registro!

MARC

LEADER 00000nas a22000003a 4500
001 stu143725
005 20141123012512.5
008 070801s--------------------------------d
040 |a STU  |b slo 
041 0
245 |a Praktická príručka pre bezpečnostných technikov 
773 0 |t Praktická príručka pre bezpečnostných technikov :  |w stu_us_cat*stu114082  |x 1336-7668  |7 nnas 
996 |b 284M076783  |c M*CD-1097  |d Aktuálny stav: júl 2007  |v Aktuálny stav: júl 2007  |l MMKN  |s A  |a 24  |w stu143725_0001